[Event "NATO-ch 33rd"]
[Site "Portoroz"]
[Date "2023.09.05"]
[Round "3"]
[White "Vael, Steve"]
[Black "Tucker, David Sidney"]
[Result "1/2-1/2"]
[WhiteElo "1665"]
[BlackElo "1892"]
[PlyCount "78"]
[EventDate "2023.09.04"]
[EventType "swiss"]
[EventRounds "7"]
[EventCountry "SLO"]
[SourceTitle "EXT 2024"]
[Source "ChessBase"]
[SourceDate "2023.10.10"]
[SourceVersion "1"]
[SourceVersionDate "2023.10.10"]
[SourceQuality "1"]

1. e4 c5 2. b3 g6 3. Bb2 Nf6 4. Nc3 Bg7 5. e5 Ng8 6. Nf3 Nc6 7. Na4 d6 8. Bb5 Nh6 9. h3 0-0 10. Bxc6 bxc6 11. 0-0 Qc7 12. Re1 Nf5 13. exd6 exd6 14. Bxg7 Nxg7 15. c4 Bd7 16. d4 cxd4 17. Nxd4 Ne6 18. Nc3 Rae8 19. Qd2 Qb6 20. Nf3 f5 21. Qxd6 Bc8 22. Na4 Qa6 23. Ne5 c5 24. Qxa6 Bxa6 25. Nc6 Bb7 26. Nxa7 Nf4 27. Nxc5 Bxg2 28. h4 Bf3 29. Kh2 Be2 30. Kg3 Nh5+ 31. Kh2 f4 32. Nb5 f3 33. Nd4 Rf4 34. Nxe2 Rxh4+ 35. Kg1 fxe2 36. f3 Nf4 37. a4 g5 38. a5 Nh3+ 39. Kg2 Nf4+ 1/2-1/2

[Event "NATO-ch 31st"]
[Site "Blankenberge"]
[Date "2021.10.15"]
[Round "7.39"]
[White "Maes, Patrick"]
[Black "Vael, Steve"]
[Result "1-0"]
[WhiteElo "1924"]
[BlackElo "1661"]
[PlyCount "69"]
[EventDate "2021.10.11"]
[EventType "team-swiss"]
[EventRounds "7"]
[EventCountry "BEL"]
[SourceTitle "CBM 204 Extra"]
[Source "ChessBase"]
[SourceDate "2021.11.30"]
[SourceVersion "1"]
[SourceVersionDate "2021.11.30"]
[SourceQuality "1"]
[WhiteTeam "NATO LTM"]
[BlackTeam "Luxembourg"]
[BlackTeamCountry "LUX"]

1. e4 d5 2. exd5 Qxd5 3. d4 Nc6 4. Nf3 Nf6 5. Be2 Bg4 6. 0-0 e6 7. h3 Bh5 8. c4 Qd7 9. Nc3 Bb4 10. Be3 Bxc3 11. bxc3 0-0 12. Rb1 b6 13. Qa4 Nxd4 14. Qd1 Nxe2+ 15. Qxe2 Rfd8 16. g4 Bg6 17. Rbd1 Qe7 18. Ne5 Be4 19. f3 Bb7 20. c5 bxc5 21. Qb5 Rab8 22. Bxc5 Qe8 23. Qa5 Ba8 24. Bxa7 Rxd1 25. Rxd1 Rc8 26. c4 h6 27. Be3 Nh7 28. Qb5 f6 29. Qxe8+ Rxe8 30. Ng6 Bxf3 31. Rd7 Be4 32. Nf4 c6 33. Nh5 Ng5 34. Rxg7+ Kf8 35. Bc5+ 1-0

[Event "NATO-ch 31st"]
[Site "Blankenberge"]
[Date "2021.10.14"]
[Round "5.42"]
[White "Millener, Richard"]
[Black "Vael, Steve"]
[Result "1-0"]
[WhiteElo "1839"]
[BlackElo "1661"]
[PlyCount "77"]
[EventDate "2021.10.11"]
[EventType "team-swiss"]
[EventRounds "7"]
[EventCountry "BEL"]
[SourceTitle "CBM 204 Extra"]
[Source "ChessBase"]
[SourceDate "2021.11.30"]
[SourceVersion "1"]
[SourceVersionDate "2021.11.30"]
[SourceQuality "1"]
[WhiteTeam "Great Britain"]
[BlackTeam "Luxembourg"]
[WhiteTeamCountry "GBR"]
[BlackTeamCountry "LUX"]

1. d4 d5 2. Nc3 g6 3. Bf4 e6 4. e3 a6 5. Nf3 Bd6 6. Bxd6 Qxd6 7. Be2 Nd7 8. h4 Ngf6 9. h5 Nxh5 10. Ne5 Ng7 11. Nxd7 Bxd7 12. Qd2 c5 13. dxc5 Qxc5 14. Rd1 0-0-0 15. b4 Qxb4 16. Rb1 Qc5 17. Rb3 Bc6 18. Na4 Qa7 19. Nb6+ Kc7 20. Qd4 Nf5 21. Nxd5+ Bxd5 22. Qxa7 Bxb3 23. axb3 Ra8 24. Qc5+ Kd7 25. 0-0 Rhc8 26. Rd1+ Ke8 27. Qe5 h5 28. Bf3 Rd8 29. Rxd8+ Rxd8 30. Bxb7 Ke7 31. Qc5+ Kf6 32. Kf1 g5 33. Bxa6 h4 34. Bd3 Rd5 35. Qc3+ Ke7 36. e4 Rxd3 37. Qxd3 Nd6 38. c4 Nxe4 39. Qxe4 1-0

[Event "NATO-ch 31st"]
[Site "Blankenberge"]
[Date "2021.10.14"]
[Round "6.47"]
[White "Vael, Steve"]
[Black "Ross, David C"]
[Result "1-0"]
[WhiteElo "1661"]
[BlackElo "1673"]
[PlyCount "193"]
[EventDate "2021.10.11"]
[EventType "team-swiss"]
[EventRounds "7"]
[EventCountry "BEL"]
[SourceTitle "CBM 204 Extra"]
[Source "ChessBase"]
[SourceDate "2021.11.30"]
[SourceVersion "1"]
[SourceVersionDate "2021.11.30"]
[SourceQuality "1"]
[WhiteTeam "Luxembourg"]
[BlackTeam "Great Britain"]
[WhiteTeamCountry "LUX"]
[BlackTeamCountry "GBR"]

1. d4 Nf6 2. Nc3 d5 3. g3 e6 4. Bg2 c5 5. Nf3 Nc6 6. 0-0 cxd4 7. Nxd4 Bb4 8. Qd3 Bd7 9. a3 Ba5 10. b4 Ne5 11. Qd1 Bb6 12. e4 Rc8 13. Nce2 dxe4 14. Bg5 h6 15. Bxf6 Qxf6 16. Bxe4 Rc7 17. a4 a6 18. b5 0-0 19. bxa6 bxa6 20. Nb3 Rd8 21. Qd6 Bc6 22. Qb4 Bxe4 23. Qxe4 Rdc8 24. Rac1 h5 25. a5 Ba7 26. Nbd4 Rc4 27. Qb7 R8c7 28. Qa8+ Kh7 29. Qe4+ g6 30. c3 Nd7 31. Qf3 Qe7 32. Nc2 Ne5 33. Qg2 Qf6 34. Ne3 R4c5 35. Qe4 Nf3+ 36. Kg2 Nd2 37. Qd3 Qf3+ 38. Kg1 Nxf1 39. Rxf1 Rd5 40. Nd4 Bxd4 41. cxd4 Rxa5 42. Qd2 Rb5 43. Qa2 Ra7 44. Nc4 Qd5 45. Qa4 Qxd4 46. Rd1 Qe4 47. Qa2 Rd5 48. Rb1 Rad7 49. Ne3 Rd2 50. Qb3 Qf3 51. Rf1 Ra7 52. Qb6 Qb7 53. Qa5 Qb5 54. Qxd2 a5 55. Ra1 a4 56. Qd4 Ra5 57. Nc4 Qb4 58. Qd2 Qxd2 59. Nxd2 Kg7 60. Ra3 Kf6 61. Nc4 Ra6 62. h4 g5 63. hxg5+ Kxg5 64. Kg2 h4 65. gxh4+ Kxh4 66. Nb2 Kg4 67. Nxa4 f5 68. Rg3+ Kf4 69. Nc5 Rc6 70. Nd3+ Ke4 71. Re3+ Kd4 72. Kf3 Rc3 73. Rxe6 Rxd3+ 74. Kf4 Kd5 75. Re5+ Kd6 76. Re1 Rd2 77. f3 Rd5 78. Kg5 Re5 79. Ra1 Ke6 80. f4 Rb5 81. Kg6 Ke7 82. Re1+ Kd6 83. Kf6 Rb4 84. Kxf5 Rb2 85. Kf6 Rf2 86. f5 Kd7 87. Re5 Kd6 88. Ra5 Rf3 89. Kf7 Kd7 90. f6 Rf4 91. Ra6 Rg4 92. Kf8 Kd8 93. Rd6+ Kc7 94. Ke7 Rg6 95. Re6 Rh6 96. f7 Rh7 97. Ke8 1-0

[Event "NATO-ch 31st"]
[Site "Blankenberge"]
[Date "2021.10.13"]
[Round "4.42"]
[White "Vael, Steve"]
[Black "Kyrge, Kersti"]
[Result "0-1"]
[WhiteElo "1661"]
[BlackElo "1844"]
[PlyCount "116"]
[EventDate "2021.10.11"]
[EventType "team-swiss"]
[EventRounds "7"]
[EventCountry "BEL"]
[SourceTitle "CBM 204 Extra"]
[Source "ChessBase"]
[SourceDate "2021.11.30"]
[SourceVersion "1"]
[SourceVersionDate "2021.11.30"]
[SourceQuality "1"]
[WhiteTeam "Luxembourg"]
[BlackTeam "Estonia"]
[WhiteTeamCountry "LUX"]
[BlackTeamCountry "EST"]

1. c4 e5 2. g3 Nf6 3. Bg2 c6 4. Nf3 d6 5. Nc3 Be7 6. d3 h6 7. b3 Be6 8. Nd2 Nbd7 9. Bb2 Nf8 10. Nce4 Nxe4 11. Bxe4 f5 12. Bf3 Qd7 13. c5 Bf6 14. cxd6 Qxd6 15. Nc4 Qb4+ 16. Qd2 Qxd2+ 17. Nxd2 0-0-0 18. Rc1 Kc7 19. Nc4 Nd7 20. 0-0 g5 21. Ba3 Nb6 22. Ne3 g4 23. Bg2 f4 24. Nc4 Nxc4 25. bxc4 f3 26. exf3 Rxd3 27. Bb2 gxf3 28. Bxe5+ Bxe5 29. Rfe1 fxg2 30. Rxe5 Bg4 31. Kxg2 Bf3+ 32. Kg1 Rhd8 33. Ree1 Rd2 34. Rc3 Rd1 35. Rxf3 Rxe1+ 36. Kg2 Re2 37. Rf6 Rdd2 38. h4 Rxa2 39. g4 Re4 40. Kg3 Ra3+ 41. f3 a5 42. g5 hxg5 43. hxg5 Re1 44. g6 Rg1+ 45. Kf2 Rg5 46. c5 Ra2+ 47. Ke3 Rag2 48. Rf7+ Kb8 49. f4 Rxg6 50. f5 Rg8 51. f6 Re8+ 52. Kf3 Rgg8 53. Kf4 Rgf8 54. Rxf8 Rxf8 55. Ke5 a4 56. Ke6 a3 57. Ke7 Rxf6 58. Kxf6 a2 0-1

[Event "NATO-ch 31st"]
[Site "Blankenberge"]
[Date "2021.10.12"]
[Round "2.44"]
[White "Vael, Steve"]
[Black "Slaidins, Janis"]
[Result "0-1"]
[WhiteElo "1661"]
[BlackElo "1843"]
[PlyCount "100"]
[EventDate "2021.10.11"]
[EventType "team-swiss"]
[EventRounds "7"]
[EventCountry "BEL"]
[SourceTitle "CBM 204 Extra"]
[Source "ChessBase"]
[SourceDate "2021.11.30"]
[SourceVersion "1"]
[SourceVersionDate "2021.11.30"]
[SourceQuality "1"]
[WhiteTeam "Luxembourg"]
[BlackTeam "Latvia"]
[WhiteTeamCountry "LUX"]
[BlackTeamCountry "LAT"]

1. e4 e5 2. Nf3 d6 3. h3 Nf6 4. Nc3 a6 5. Bc4 Nc6 6. d4 exd4 7. Nxd4 Bd7 8. 0-0 Be7 9. Re1 0-0 10. Nf5 Bxf5 11. exf5 Ne5 12. Bb3 Qd7 13. Nd5 Nxd5 14. Bxd5 c6 15. Be4 Rad8 16. Bf4 Bf6 17. c3 Rfe8 18. Qb3 Re7 19. Rad1 Rde8 20. Kf1 d5 21. Bc2 Nc4 22. Bd3 Nd6 23. Rxe7 Rxe7 24. Bxd6 Qxd6 25. Kg1 b5 26. a4 g6 27. fxg6 hxg6 28. axb5 axb5 29. Qa2 Qc5 30. Qb1 Bh4 31. Qc2 Re6 32. b4 Qa7 33. Qd2 Rf6 34. Rf1 Kg7 35. Qe2 Re6 36. Qg4 Be7 37. Bf5 Rf6 38. Bd7 Rd6 39. Bf5 Bf6 40. Qg3 Qe7 41. Rd1 Be5 42. Re1 Bxg3 43. Rxe7 Bh4 44. Rd7 Rf6 45. Bg4 Bxf2+ 46. Kh1 Be1 47. Bf3 Bxc3 48. Bxd5 cxd5 49. Rxd5 Rf5 50. Rxf5 gxf5 0-1

[Event "NATO-ch 30th"]
[Site "Berlin"]
[Date "2019.09.19"]
[Round "6.47"]
[White "Noviks, Maris"]
[Black "Vael, Steve"]
[Result "0-1"]
[WhiteElo "1905"]
[BlackElo "1602"]
[PlyCount "122"]
[EventDate "2019.09.14"]
[EventType "team-swiss"]
[EventRounds "7"]
[EventCountry "GER"]
[SourceTitle "EXT 2020"]
[Source "ChessBase"]
[SourceDate "2019.10.17"]
[SourceVersion "1"]
[SourceVersionDate "2019.10.17"]
[SourceQuality "1"]
[WhiteTeam "Latvia"]
[BlackTeam "Luxembourg"]
[WhiteTeamCountry "LAT"]
[BlackTeamCountry "LUX"]

1. d4 d5 2. Nc3 g6 3. Bf4 a6 4. Nf3 Bg7 5. e3 Nf6 6. h3 Bf5 7. Be2 Nbd7 8. Ne5 0-0 9. g4 Be6 10. h4 Nxe5 11. Bxe5 Qd7 12. f3 h5 13. Bxf6 Bxf6 14. gxh5 gxh5 15. Qd2 Kh7 16. 0-0-0 Rg8 17. Bd3+ Bf5 18. e4 dxe4 19. Nxe4 Qxd4 20. Nxf6+ Qxf6 21. Qe3 e6 22. Kb1 Rad8 23. Qf4 c6 24. Rh2 Qg6 25. Rhd2 Bxd3 26. cxd3 Rd7 27. Kc2 Rgd8 28. Qe4 Rd4 29. Qe3 Rxh4 30. Rg1 Qf5 31. Rg5 Qf4 32. Rxh5+ Kg6 33. Qxf4 Rxf4 34. Rh3 Kf6 35. Re2 Rg8 36. Kd2 Rg5 37. Ke3 Ra4 38. a3 Re5+ 39. Kd2 Rxe2+ 40. Kxe2 Ra5 41. Ke3 Rb5 42. Rh6+ Ke5 43. Rh5+ f5 44. f4+ Kd5 45. Rh2 Rb3 46. Rc2 b5 47. Rd2 c5 48. Kf3 Kd4 49. Ke2 a5 50. Rc2 a4 51. Rd2 b4 52. Rc2 Rxd3 53. Rxc5 bxa3 54. bxa3 Re3+ 55. Kf2 Kxc5 56. Kxe3 Kc4 57. Ke2 Kb3 58. Kd3 Kxa3 59. Kc3 Ka2 60. Kc2 Ka3 61. Kc1 Kb3 0-1

[Event "NATO-ch 27th"]
[Site "Shrivenham"]
[Date "2016.08.23"]
[Round "3"]
[White "Vael, Steve"]
[Black "Ghiacy, Jelani"]
[Result "1-0"]
[WhiteElo "1757"]
[BlackElo "1238"]
[PlyCount "99"]
[EventDate "2016.08.22"]
[EventType "swiss"]
[EventRounds "7"]
[EventCountry "ENG"]
[SourceTitle "EXT 2018"]
[Source "ChessBase"]
[SourceDate "2017.10.13"]
[SourceVersion "1"]
[SourceVersionDate "2017.10.13"]
[SourceQuality "1"]

1. e4 e5 2. Nf3 Nc6 3. d4 exd4 4. Nxd4 Nxd4 5. Qxd4 c5 6. Qc4 Qc7 7. Nc3 Nf6 8. Be3 b6 9. 0-0-0 g6 10. f3 Bg7 11. g3 0-0 12. Bf4 Qd8 13. Bd6 Re8 14. e5 Bb7 15. Bg2 Ng4 16. Qxg4 Bxe5 17. Bxe5 Rxe5 18. Rhe1 Rxe1 19. Rxe1 Bc6 20. Ne4 Qe7 21. Qg5 Qxg5+ 22. Nxg5 h6 23. Ne4 Kg7 24. Nd2 Bd5 25. Bh3 Be6 26. Bxe6 dxe6 27. Rd1 f5 28. Nc4 Kf6 29. f4 g5 30. Ne5 Rg8 31. Rd7 gxf4 32. gxf4 Rg1+ 33. Kd2 Rg2+ 34. Ke3 Rg7 35. Rxg7 Kxg7 36. Nc6 a5 37. Nd8 Kf6 38. Nc6 h5 39. h4 a4 40. a3 Kf7 41. c4 Ke8 42. Ne5 Ke7 43. Kd3 Kd6 44. Kc3 Ke7 45. b3 axb3 46. Kxb3 Kd6 47. Ka4 Kc7 48. Kb5 Kb7 49. a4 Kc7 50. Ka6 1-0

[Event "Luxembourg-chT 1213"]
[Site "Luxembourg"]
[Date "2012.11.10"]
[Round "2"]
[White "Vael, Steve"]
[Black "Papini, Emmanuel"]
[Result "1/2-1/2"]
[WhiteElo "1775"]
[BlackElo "1750"]
[PlyCount "26"]
[EventDate "2012.10.??"]
[EventType "team-tourn"]
[EventRounds "10"]
[EventCountry "LUX"]
[SourceTitle "EXT 2017"]
[Source "ChessBase"]
[SourceDate "2016.10.25"]
[SourceVersion "1"]
[SourceVersionDate "2016.10.25"]
[SourceQuality "1"]

1. e4 e6 2. Nf3 b6 3. Nc3 Bb7 4. d4 Nf6 5. Bd3 d5 6. e5 Nfd7 7. a3 c5 8. Be3 cxd4 9. Bxd4 Nc6 10. Bb5 a6 11. Bxc6 Bxc6 12. 0-0 Be7 13. Re1 0-0 1/2-1/2

[Event "Luxembourg-chT 1112"]
[Site "Luxembourg"]
[Date "2011.10.??"]
[Round "1"]
[White "Koch, Dirk"]
[Black "Vael, Steve"]
[Result "1-0"]
[WhiteElo "2150"]
[BlackElo "1775"]
[PlyCount "37"]
[EventDate "2011.10.??"]
[EventType "team-tourn"]
[EventRounds "10"]
[EventCountry "LUX"]
[SourceTitle "EXT 2017"]
[Source "ChessBase"]
[SourceDate "2016.10.25"]
[SourceVersion "1"]
[SourceVersionDate "2016.10.25"]
[SourceQuality "1"]

1. e4 d5 2. exd5 Nf6 3. d4 Nxd5 4. Nf3 Bg4 5. h3 Bxf3 6. Qxf3 e6 7. c4 Bb4+ 8. Bd2 Bxd2+ 9. Nxd2 Nb4 10. Qc3 N4c6 11. Nf3 0-0 12. Bd3 Nd7 13. Be4 Ne7 14. Bxb7 Rb8 15. Be4 Nf6 16. Bc2 c5 17. dxc5 Qc7 18. b4 Rfd8 19. 0-0 1-0

[Event "LUX-ch U18"]
[Site "Bonnevoie"]
[Date "2000.02.27"]
[Round "2"]
[White "Hemmerling, Pit"]
[Black "Vael, Steve"]
[Result "0-1"]
[WhiteElo "1300"]
[BlackElo "1607"]
[PlyCount "110"]
[EventDate "2000.02.26"]
[EventType "swiss"]
[EventRounds "7"]
[EventCountry "LUX"]
[SourceTitle "EXT 2005"]
[Source "ChessBase"]
[SourceDate "2004.11.15"]
[SourceVersion "1"]
[SourceVersionDate "2004.11.15"]
[SourceQuality "1"]

1. e4 c5 2. Nf3 d6 3. d4 cxd4 4. Nxd4 g6 5. Nf3 Bg7 6. Bc4 Bg4 7. h3 Bxf3 8. Qxf3 Nf6 9. e5 Qa5+ 10. Nc3 Qxe5+ 11. Be3 0-0 12. Qxb7 Nbd7 13. 0-0-0 Rfb8 14. Qf3 Nb6 15. Bb3 Rc8 16. Rhe1 Qa5 17. Bxb6 axb6 18. Rxe7 Ra7 19. Bxf7+ Kf8 20. Rxa7 Qxa7 21. Bb3 Qe7 22. Qe2 Qxe2 23. Nxe2 Ne4 24. f3 Bh6+ 25. Kb1 Nd2+ 26. Ka1 Nxb3+ 27. cxb3 Rc2 28. Nc3 Bf4 29. Nd5 Be5 30. Nc3 Rxg2 31. Rd3 b5 32. b4 Rh2 33. Kb1 Bxc3 34. bxc3 Rxh3 35. Rxd6 Rxf3 36. Kb2 Rf5 37. Kb3 Kg8 38. Rd3 Kf8 39. a4 bxa4+ 40. Kxa4 Ke7 41. b5 h5 42. b6 g5 43. b7 Rf8 44. Ka5 g4 45. Rg3 Kd7 46. Kb6 Rb8 47. c4 Rg8 48. Ka7 Kc7 49. c5 h4 50. Rg1 g3 51. Rb1 g2 52. c6 h3 53. b8Q+ Rxb8 54. Rxb8 g1Q+ 55. Ka8 Qa1# 0-1

[Event "LUX-ch U18"]
[Site "Bonnevoie"]
[Date "2000.02.26"]
[Round "1"]
[White "Vael, Steve"]
[Black "Steil Antoni, Fiona"]
[Result "1-0"]
[WhiteElo "1607"]
[BlackElo "1350"]
[PlyCount "61"]
[EventDate "2000.02.26"]
[EventType "swiss"]
[EventRounds "7"]
[EventCountry "LUX"]
[SourceTitle "EXT 2005"]
[Source "ChessBase"]
[SourceDate "2004.11.15"]
[SourceVersion "1"]
[SourceVersionDate "2004.11.15"]
[SourceQuality "1"]

1. e4 e5 2. Nf3 Nc6 3. d4 exd4 4. Nxd4 Nxd4 5. Qxd4 Nf6 6. e5 Ng8 7. Bc4 Qe7 8. 0-0 d6 9. exd6 Qxd6 10. Re1+ Be7 11. Qxg7 Qf6 12. Qxf6 Nxf6 13. Bg5 Ng8 14. Bxe7 Nxe7 15. Nc3 Bd7 16. Nd5 Be6 17. Nxc7+ Kd8 18. Nxe6+ fxe6 19. Rad1+ Ke8 20. Bxe6 Kf8 21. g3 Nc6 22. c3 h6 23. Rd7 Nd8 24. Bf5 Rg8 25. Ree7 Nc6 26. Rf7+ Ke8 27. Rxb7 Kd8 28. Be4 Ne5 29. Rfe7 Rc8 30. Rxe5 Re8 31. Rd5# 1-0

[Event "Luxembourg-chT 9900 qual"]
[Site "Luxembourg"]
[Date "1999.11.07"]
[Round "2"]
[White "Vael, Steve"]
[Black "Jongsma, Kees"]
[Result "0-1"]
[WhiteElo "1607"]
[BlackElo "1820"]
[PlyCount "85"]
[EventDate "1999.11.07"]
[EventType "team"]
[EventRounds "10"]
[EventCountry "LUX"]
[SourceTitle "EXT 2005"]
[Source "ChessBase"]
[SourceDate "2004.11.15"]
[SourceVersion "1"]
[SourceVersionDate "2004.11.15"]
[SourceQuality "1"]

1. d4 Nf6 2. c4 d6 3. g3 e5 4. dxe5 dxe5 5. Qxd8+ Kxd8 6. Bg2 c6 7. Nf3 Nfd7 8. 0-0 f6 9. Nbd2 Na6 10. a3 Nac5 11. b4 Ne6 12. Ne4 a5 13. Bd2 axb4 14. axb4 Rxa1 15. Rxa1 Nb6 16. c5 Nd5 17. Bh3 Nec7 18. Bxc8 Kxc8 19. Nd6+ Bxd6 20. cxd6 Na6 21. e4 Nb6 22. Be3 Nc4 23. Bc5 Kd7 24. Rc1 Nb2 25. Nd2 Nd3 26. Rc4 h5 27. Rc3 Naxb4 28. Nb3 Nxc5 29. Nxc5+ Kxd6 30. Nxb7+ Kc7 31. Nc5 Kd6 32. Nb7+ Ke6 33. Rb3 Nc2 34. Nc5+ Kf7 35. Rb2 Nd4 36. Ra2 Rc8 37. Ra7+ Kg6 38. Rb7 Ra8 39. Rb6 Ra1+ 40. Kg2 Rc1 41. Nd3 Rc3 42. Nb4 Nc2 43. Nxc6 0-1

[Event "Luxembourg-ch"]
[Site "Luxembourg"]
[Date "1999.04.11"]
[Round "9"]
[White "Kayser, Pierrot"]
[Black "Vael, Steve"]
[Result "0-1"]
[WhiteElo "1653"]
[BlackElo "1545"]
[PlyCount "45"]
[EventDate "1999.04.03"]
[EventType "swiss"]
[EventRounds "9"]
[EventCountry "LUX"]
[SourceTitle "EXT 2005"]
[Source "ChessBase"]
[SourceDate "2004.11.15"]
[SourceVersion "1"]
[SourceVersionDate "2004.11.15"]
[SourceQuality "1"]

1. d4 d5 2. e4 e6 3. Nc3 Nf6 4. Bf4 Nbd7 5. Nb5 Bb4+ 6. c3 Ba5 7. b4 Bb6 8. e5 Ne4 9. Ne2 a6 10. Na3 f6 11. f3 fxe5 12. fxe4 exf4 13. Nxf4 Qe7 14. Bd3 dxe4 15. Bxe4 Nf6 16. Bf3 e5 17. Ne2 exd4 18. Qd3 dxc3 19. Nc2 Qe5 20. 0-0-0 Bf5 21. Qc4 Be3+ 22. Kb1 Bxc2+ 23. Kxc2 0-1

[Event "Luxembourg-ch"]
[Site "Luxembourg"]
[Date "1999.04.10"]
[Round "8"]
[White "Vael, Steve"]
[Black "Gengler, Pierre"]
[Result "0-1"]
[WhiteElo "1545"]
[BlackElo "1824"]
[PlyCount "90"]
[EventDate "1999.04.03"]
[EventType "swiss"]
[EventRounds "9"]
[EventCountry "LUX"]
[SourceTitle "EXT 2005"]
[Source "ChessBase"]
[SourceDate "2004.11.15"]
[SourceVersion "1"]
[SourceVersionDate "2004.11.15"]
[SourceQuality "1"]

1. e4 d6 2. Bc4 Nf6 3. Nc3 c6 4. a3 g6 5. d3 Bg7 6. h3 0-0 7. Nf3 Nbd7 8. Be3 b5 9. Bb3 Bb7 10. 0-0 a5 11. Bf4 Nc5 12. e5 dxe5 13. Bxe5 Nxb3 14. cxb3 Ba6 15. b4 axb4 16. axb4 e6 17. d4 Qe7 18. Qc2 Bb7 19. Qb3 Rfd8 20. Nd2 Ne8 21. Bxg7 Kxg7 22. Nf3 Nc7 23. Rfe1 Na6 24. Na2 Rd7 25. Qc3 Kg8 26. Ne5 Rd6 27. Nd3 Rad8 28. Nc5 Rxd4 29. Nxa6 Rc4 30. Qb3 Bxa6 31. Rac1 Rcd4 32. Rxc6 Bb7 33. Rc5 Bd5 34. Qa3 Qg5 35. f3 Qd2 36. Qc3 Bxa2 37. Qxd2 Rxd2 38. Rxb5 Rxb2 39. Ra1 Rdd2 40. Rb8+ Kg7 41. b5 Rxg2+ 42. Kh1 Rh2+ 43. Kg1 Rbg2+ 44. Kf1 Bc4+ 45. Ke1 Rh1# 0-1

[Event "Luxembourg-ch"]
[Site "Luxembourg"]
[Date "1999.04.07"]
[Round "5"]
[White "Muller, Guy"]
[Black "Vael, Steve"]
[Result "1/2-1/2"]
[WhiteElo "1696"]
[BlackElo "1545"]
[PlyCount "122"]
[EventDate "1999.04.03"]
[EventType "swiss"]
[EventRounds "9"]
[EventCountry "LUX"]
[SourceTitle "EXT 2005"]
[Source "ChessBase"]
[SourceDate "2004.11.15"]
[SourceVersion "1"]
[SourceVersionDate "2004.11.15"]
[SourceQuality "1"]

1. e4 d5 2. exd5 Qxd5 3. Nc3 Qa5 4. d4 Bf5 5. Bc4 e6 6. Bd2 c6 7. Nf3 Nd7 8. Nd5 Qd8 9. Ne3 Bg6 10. Qe2 h6 11. 0-0-0 Ngf6 12. Rhe1 Be7 13. Ne5 Bh7 14. N3g4 0-0 15. Nxd7 Qxd7 16. Bc3 Nxg4 17. Qxg4 Bf5 18. Qe2 b5 19. Bd3 Bxd3 20. Rxd3 Qd6 21. Rh3 Bg5+ 22. Bd2 Bxd2+ 23. Qxd2 Rfd8 24. Re4 c5 25. Reh4 Kf8 26. Rd3 c4 27. Rg3 e5 28. c3 b4 29. Qc2 exd4 30. Rxd4 Qc5 31. Qd2 Rxd4 32. Qxd4 Qxd4 33. cxd4 Rd8 34. Rg4 a5 35. d5 b3 36. Rxc4 bxa2 37. Ra4 Rxd5 38. Rxa2 Ke7 39. Kc2 Kd6 40. Ra3 Re5 41. Rd3+ Ke6 42. Re3 Rxe3 43. fxe3 Kd6 44. Kb3 Kc5 45. Ka4 Kb6 46. e4 f6 47. h4 h5 48. g3 g6 49. b3 Ka6 50. b4 axb4 51. Kxb4 Kb6 52. Kc4 Kc6 53. Kd4 Kd6 54. Ke3 Ke6 55. Kf3 f5 56. exf5+ Kxf5 57. Kf2 g5 58. hxg5 Kxg5 59. Kf1 Kg4 60. Kg2 h4 61. gxh4 Kxh4 1/2-1/2

[Event "LUX-chABC"]
[Site "Dudelange"]
[Date "1998.04.11"]
[Round "1.32"]
[White "Kalkanci, Sevket"]
[Black "Vael, Steve"]
[Result "1-0"]
[WhiteElo "1845"]
[BlackElo "1420"]
[PlyCount "89"]
[EventDate "1998.04.11"]
[EventType "swiss"]
[EventRounds "9"]
[EventCountry "LUX"]
[SourceTitle "EXT 2013"]
[Source "ChessBase"]
[SourceDate "2012.11.22"]
[SourceVersion "1"]
[SourceVersionDate "2012.11.22"]
[SourceQuality "1"]

1. e4 d5 2. exd5 Qxd5 3. Nc3 Qa5 4. d4 Nf6 5. Nf3 Bf5 6. Bd3 Bxd3 7. Qxd3 e6 8. Bd2 Bd6 9. 0-0 Qa6 10. Nb5 0-0 11. c4 Qc6 12. c5 Be7 13. Ne5 Qa6 14. Nxc7 Qxd3 15. Nxd3 Nc6 16. Nxa8 Rxa8 17. Be3 Ng4 18. h3 Nxe3 19. fxe3 Bg5 20. Rf3 g6 21. b4 a5 22. b5 Nb4 23. Nxb4 axb4 24. c6 bxc6 25. bxc6 Bd8 26. e4 Bb6 27. Rd1 e5 28. Rb3 Rc8 29. Rxb4 Bxd4+ 30. Rdxd4 exd4 31. Rc4 d3 32. Kf2 d2 33. Ke2 Rd8 34. Kd1 Kf8 35. c7 Rc8 36. Kxd2 Ke7 37. Kd3 Kd7 38. Kd4 Kd6 39. g4 f6 40. h4 h6 41. a4 Ke6 42. a5 f5 43. exf5+ gxf5 44. gxf5+ Kxf5 45. Kd5 1-0